Cargando…

Raja Nal and the Goddess : The North Indian Epic Dhola in Performance /

Detalles Bibliográficos
Clasificación:Libro Electrónico
Autor principal: Wadley, Susan Snow, 1943-
Formato: Electrónico eBook
Idioma:Inglés
Hindi
Publicado: Bloomington, Ind. : Indiana University Press, 2004.
Colección:Book collections on Project MUSE.
Temas:
Acceso en línea:Texto completo

MARC

LEADER 00000cam a22000004a 4500
001 musev2_9101
003 MdBmJHUP
005 20230905041034.0
006 m o d
007 cr||||||||nn|n
008 040421s2004 inu o 00 0 eng d
010 |z  2004009434 
020 |a 9780253111272 
020 |z 9780253344786 
020 |z 0253111277 
035 |a (OCoLC)68924866 
040 |a MdBmJHUP  |c MdBmJHUP 
041 1 |a eng  |h hin 
050 0 4 |a GR305  |b .W23 2004 
082 0 |a 398.2/0954/02  |2 22 
100 1 |a Wadley, Susan Snow,  |d 1943- 
245 1 0 |a Raja Nal and the Goddess :   |b The North Indian Epic Dhola in Performance /   |c Susan Snow Wadley. 
264 1 |a Bloomington, Ind. :  |b Indiana University Press,  |c 2004. 
264 3 |a Baltimore, Md. :  |b Project MUSE,   |c 2012 
264 4 |c ©2004. 
300 |a 1 online resource (264 pages):   |b ill. ; 
336 |a text  |b txt  |2 rdacontent 
337 |a computer  |b c  |2 rdamedia 
338 |a online resource  |b cr  |2 rdacarrier 
504 |a Includes bibliographical references (p. [223]-231) and index. 
546 |a In English; includes translated passages from the Hindi original. 
588 |a Description based on print version record. 
630 0 0 |a Dhola. 
650 0 |a Epic poetry, Hindi  |x History and criticism. 
650 0 |a Folk literature, Hindi  |x History and criticism, 
650 0 |a Nala (Hindu mythology) in literature. 
655 7 |a Electronic books.   |2 local 
710 2 |a Project Muse.  |e distributor 
830 0 |a Book collections on Project MUSE. 
856 4 0 |z Texto completo  |u https://projectmuse.uam.elogim.com/book/9101/ 
945 |a Project MUSE - Custom Collection 
945 |a Project MUSE - Archive Complete Foundation 
945 |a Project MUSE - Archive Film, Theater and Performing Arts Foundation 
945 |a Project MUSE - Archive Asian and Pacific Studies Foundation